00177nam a22000617a 4500020001500000245006000015260004000075 a0205386997 aThe human experience reader : selections from sociology aBostonbPearson/Allyn & Baconc2005